000 01339nam a2200229Ia 4500
003 Ost
005 20260507075602.0
008 260507s9999||||xx |||||||||||||| ||und||
020 _a9960244725
040 _cfsecg
041 _aara
082 _a330
100 _aجمعة، السعيد فرحات
_eمؤلف
245 0 _aالاداء المالي لمنظمات الاعمال و التحديات الراهنة /
_c السعيد فرحات جمعة
260 _aالرياض:
_bدار المريخ للنشر,
_c2000
300 _a585 صفحة؛
_c24 سم
504 _aمراجع ص.577
520 _aالوظيفة المالية, القدرتين الادارية و الكسبية لمنظمات الاعمال, النمو و التراكم - الابتكار و المعلومات, السيولة المالية و اليسر المالي و كذا التوازن المالي, الخطر و السيادة المالية اضافة الى الاآداء المالي لمنظمات الاعمال في ظل التضخم, الاساليب المعاصرة , نظام ادارة الاعمال الجديد و في الاخير التكتلات الاقتصادية و الخصخصة المصرية.
653 _aالمالية, الاداء المالي
653 _aمنظمات الاعمال
942 _cكتاب
999 _c45014
_d45014